Rádio strýka Mateja

Bibliographic Details
Main Author: Bariak, Imrich, 1962- (Author)
Other Authors: Trsťan, Drahomír, 1958- (gup)
Format: Article
Language:Slovak
Subjects:

MARC

LEADER 00000nab a2200000 a 4500
001 vtls000420660
003 SK-MaSNL
005 20260302235254.0
008 120925c1991 xo 0 slo
015 |a SNBRB19rr/mm-uuuuu 
035 |a CL0420788 
040 |a SNKBUCL  |b slo  |c SNKBUCL  |e AACR2 
041 0 |a slo 
044 |a xo  |c SK 
080 |a 885.4-3(087.5)  |2 1981 
100 1 |a Bariak, Imrich,  |d 1962-  |4 aut  |9 109852 
245 1 0 |a Rádio strýka Mateja  |c Imrich Bariak ; Drahomír Trsťan 
650 0 7 |a rozprávky autorské  |2 snkbucl  |9 315429 
655 7 |a články z novín a časopisov  |2 snkbucl  |9 267496 
655 7 |a články z odboru literárna veda a krásna literatúra  |2 snkbucl  |9 770045 
700 1 |a Trsťan, Drahomír,  |d 1958-  |4 gup  |9 139577 
773 0 |t Slniečko  |g Roč. 45, č. 10 (1991), s. /12-13/ 
850 |a Slovenská národná knižnica v Martine  |a MTA001 
852 |a SNK  |b KIS3GCP 
958 |a RK 
958 |a LX 
992 |a RBX 
999 |c 1553917  |d 1555847